000 00328nam a22001337a 4500
008 171020b xxu||||| |||| 00| 0 eng d
020 _a9780750674744
041 _aeng
080 _a338
100 _a54
101 _aMIS
245 _aENTERPRISE INFORMATION PORTALS AND KNOWLEDGE MANAGEMENT
_cFIRESTONE,J,M
942 _2udc
_cBK
999 _c35091
_d35091